| 000 | 00403nam a22001337a 4500 | ||
|---|---|---|---|
| 040 | _cNUST | ||
| 082 | _a358.40095491 SHA | ||
| 100 |
_aHussain, Syed Shabbir _921062 |
||
| 110 |
_aLeader, Squadron Qureshi, M. Tariq _9114007 |
||
| 245 |
_aHistory of the Pakistan Air Force: _b1947-1982 |
||
| 260 |
_aKarachi: _bPAF Press, _c1982. |
||
| 650 |
_aHistory of the Pakistan Air Force _9114000 |
||
| 942 |
_2ddc _cBK |
||
| 999 |
_c595409 _d595409 |
||